La catedral de toledo /
Guardado en:
| Autor Principal: | |
|---|---|
| Formato: | Libro |
| Publicado: |
Madrid :
Everest,
1978
|
| Edición: | 2a. ed. |
| Materias: | |
| Etiquetas: |
Agregar Etiqueta
Sin Etiquetas, Sea el primero en etiquetar este registro!
|
| LEADER | 00493nam a22001695a 4500 | ||
|---|---|---|---|
| 001 | EHU.bham006069 | ||
| 003 | AR-BHAM | ||
| 005 | 20090519135810.0 | ||
| 008 | 130507s1978##################000#0#####d | ||
| 082 | 7 | 2 | |a 726.6 |
| 100 | 1 | |a Chueca Goitia, Fernando | |
| 245 | 1 | 0 | |a La catedral de toledo / |c Fernando Chueca Goitia. |
| 250 | |a 2a. ed. | ||
| 260 | |a Madrid : |b Everest, |c 1978 | ||
| 300 | |a 96 p. | ||
| 653 | |a Catedrales [arquitectura] | ||
| 859 | |a AR-BHAM |b BIB. HUMANIDADES - General |h 726.6 |i Ch471a2 |p 166.84 |t Ej.1 | ||
